Celebraciones centenarias : (Registro nro. 30478)

Detalles MARC
000 -LEADER
fixed length control field 00974nam a2200241Ia 4500
003 - CONTROL NUMBER IDENTIFIER
control field CO-CtgCURN
005 - DATE AND TIME OF LATEST TRANSACTION
control field 20250409212008.0
008 - FIXED-LENGTH DATA ELEMENTS--GENERAL INFORMATION
fixed length control field 190726s2011 xx g 000 0 spa d
020 ## - INTERNATIONAL STANDARD BOOK NUMBER
International Standard Book Number 9789588736075
040 ## - CATALOGING SOURCE
Original cataloging agency CO-CtgCURN
Language of cataloging spa
Transcribing agency coctgcurn
082 ## - DEWEY DECIMAL CLASSIFICATION NUMBER
Classification number 986.114
Item number R758c
100 ## - MAIN ENTRY--PERSONAL NAME
Personal name Román Romero, Rául
9 (RLIN) 1700
245 #0 - TITLE STATEMENT
Title Celebraciones centenarias :
Remainder of title la construcción de una memoria nacional /
Statement of responsibility, etc. Rául Román Romero
260 ## - PUBLICATION, DISTRIBUTION, ETC.
Place of publication, distribution, etc. Cartagena de Indias, Bolívar :
Name of publisher, distributor, etc. Universidad de Cartagena,
Date of publication, distribution, etc. 2011
300 ## - PHYSICAL DESCRIPTION
Extent 290 páginas ;
Dimensions 21 centímetros
490 ## - SERIES STATEMENT
Series statement Colección Biblioteca Bicentenario de la Independencia de Cartagena de Indias
504 ## - BIBLIOGRAPHY, ETC. NOTE
Bibliography, etc. note Incluye referencias bibliográficas (p. 275-290)
521 ## - TARGET AUDIENCE NOTE
Target audience note AREA BASICA
590 ## - LOCAL NOTE (RLIN)
Local note Todos los programas acádemicos
651 ## - SUBJECT ADDED ENTRY--GEOGRAPHIC NAME
Geographic name Cartagena de Indias
General subdivision Historia
Geographic subdivision Colombia
9 (RLIN) 1701
942 ## - ADDED ENTRY ELEMENTS (KOHA)
Koha item type Libros
Classification part 986.114
Item part R758c
Source of classification or shelving scheme Dewey Decimal Classification
Existencias
Withdrawn status Lost status Source of classification or shelving scheme Damaged status Not for loan Collection Home library Current library Shelving location Date acquired Inventory number Total checkouts Full call number Barcode Date last seen Copy number Price effective from Koha item type
    Dewey Decimal Classification       Miguel Henríquez Castañeda Barranquilla Miguel Henríquez Castañeda Barranquilla General 05/23/2018 03906   986.114 R758c 03906 07/26/2019 ej.1 07/26/2019 Libros